Nuestras propias sombras : tentaciones, complejos, limitaciones /

Guardado en:
Detalles Bibliográficos
Autor principal: Grün, Anselm (autor)
Otros autores: Castro Cubells, Carlos (traducción) (traducción)
Formato: Desconocido
Idioma:Español
Publicado: Madrid, España : Narcea, 1991, c1991
Colección:(Espiritualidad Narcea)
Etiquetas: Agrega una etiqueta
Sin etiquetas, Sé el primero en etiquetar este registro!

MARC

LEADER 00000c**#a2200000ua#4500
001 000614552
005 20250521000000.0
009 20260310133644.245
020 |a 84-277-0961-7 
025 |a Donación Juan Lafarga Corona, 1 ejemplar 
037 |a Acervo Xavier Clavigero 
041 |a ESP 
091 |a FLC. 00505 
100 |a Grün, Anselm  |e (autor) 
245 1 0 |a Nuestras propias sombras :  |b tentaciones, complejos, limitaciones / 
264 4 |a Madrid, España :  |b Narcea,  |c 1991, c1991 
300 |a 125 p. 
336 |a texto  |b txt  |2 rdacontenido 
337 |a sin mediación  |b n  |2 rdamedio 
338 |a volumen  |b nc  |2 rdasoporte 
440 1 |a (Espiritualidad Narcea) 
500 |a Traducción de: Der Umgang Mit Dem Bösen: die Dämonenkampf im alten Mönchtum 
649 |a XX 
700 |a Castro Cubells, Carlos  |e (traducción) 
910 |a Fondo Juan Lafarga Corona S.J. 
920 |a Impresos - Libros 
930 |a Fondos Especiales 
940 |a Jesuitas 
905 |a 145 
901 |a 614552-10  |b IT2  |c ESP  |i D  |u 20250521 
902 |a https://opac.biblio.iteso.mx/vufind/Record/000614552